HANDBOOK OF ALTERNATE ENERGY (Record no. 572997)

000 -LEADER
fixed length control field 00294nam a22001217a 4500
020 ## - INTERNATIONAL STANDARD BOOK NUMBER
International Standard Book Number 9789380090030
082 ## - DEWEY DECIMAL CLASSIFICATION NUMBER
Classification number 333.794 SIN
100 ## - MAIN ENTRY--PERSONAL NAME
Personal name SINHA, PRABHAS C
9 (RLIN) 64541
245 ## - TITLE STATEMENT
Title HANDBOOK OF ALTERNATE ENERGY
260 ## - PUBLICATION, DISTRIBUTION, ETC.
Place of publication, distribution, etc. NEW DELHI
Name of publisher, distributor, etc. SBS PUBLISHERS
Date of publication, distribution, etc. 2009
300 ## - PHYSICAL DESCRIPTION
Extent XXII, 698P
942 ## - ADDED ENTRY ELEMENTS (KOHA)
Koha item type Book
Holdings
Withdrawn status Lost status Damaged status Not for loan Permanent Location Current Location Shelving location Date acquired Total Checkouts Full call number Barcode Date last seen Price effective from Koha item type
        College of Electrical & Mechanical Engineering (CEME) College of Electrical & Mechanical Engineering (CEME) General Stacks 07/26/2017   333.794 SIN CEME45975 06/28/2021 06/28/2021 Book
© 2023 Central Library, National University of Sciences and Technology. All Rights Reserved.